| 000 | 00432nam a2200181Ia 4500 | ||
|---|---|---|---|
| 001 | 12890 | ||
| 005 | 20260306163013.0 | ||
| 008 | 260306t1999||||xx |||||||||||||| ||spa|| | ||
| 041 | _aESP | ||
| 082 |
_aRD 443.61 _bO28 |
||
| 100 |
_aOcéano Langenscheidt _eAUT |
||
| 245 | 0 | _aDiccionario universal frances | |
| 260 | _c1999 | ||
| 300 |
_a464 páginas : _c11 cm. |
||
| 650 | _aGEN | ||
| 654 | _aCHU | ||
| 942 |
_cDIC _dJUS _fJUS _2ddc _n |
||
| 999 |
_c12890 _d12890 |
||